Ten years of transition: prospects and challenges for the future of public administration proceedings from the eighth annual conference held in Budapest, Hungary 13-15 april, 2000

Na minha lista:
Detalhes bibliográficos
Outros Autores: Jabes, Jak
Formato: Livro
Idioma:inglês
Publicado em: Bratislava NISPAcee 2001
Assuntos:
Tags: Adicionar Tag
Sem tags, seja o primeiro a adicionar uma tag!

MARC

LEADER 00000nam a2200000 4500
001 c124961
005 20221108083820.4
020 |a 80-89013-03-1 
041 0 |a eng 
044 |a SK 
245 1 0 |a Ten years of transition: prospects and challenges for the future of public administration  |b proceedings from the eighth annual conference held in Budapest, Hungary 13-15 april, 2000  |c Edited by: Jak Jabes 
264 1 |a Bratislava  |b NISPAcee  |c 2001 
300 |a 506 s. 
610 2 0 |a transformácia 
610 2 0 |a reformy hospodárske 
610 2 0 |a obdobie prechodné 
610 2 0 |a prognózy 
610 2 0 |a správa verejná 
610 2 0 |a správa štátna 
610 2 0 |a politika verejná 
610 2 0 |a správa miestna 
610 2 0 |a inovácia 
610 2 0 |a riadenie 
610 2 0 |a komunikácia 
610 2 0 |a zabezpečenie sociálne 
610 2 0 |a nezamestnanosť 
610 2 0 |a chudoba 
610 2 0 |a systémy sociálne 
610 2 0 |a integrácia 
610 2 0 |a decentralizácia 
610 2 0 |a inštitúcia 
610 2 0 |a rozpočet štátny 
610 2 0 |a rozpočtovníctvo 
610 2 0 |a zdroje ľudské 
610 2 0 |a porovnanie medzinárodné 
610 2 0 |a Európa 
610 2 0 |a Európska únia 
610 2 0 |a SVE 
700 1 |a Jabes, Jak